Ke arah Kecemerlangan dan Kesejahteraan Perkhidmatan Awam Di Alaf Baru = Towards An Excellent and Caring Public Service For The Next Millennium : Selected Speeches of Tan Sri Abdul Halim Ali, Chief Secretary to the government, Malaysia / (Record no. 27200)

000 -LEADER
fixed length control field 01141nam a22002657a 4500
001 - CONTROL NUMBER
control field 0000003578
003 - CONTROL NUMBER IDENTIFIER
control field PPM
005 - DATE AND TIME OF LATEST TRANSACTION
control field 20260416154044.0
008 - FIXED-LENGTH DATA ELEMENTS--GENERAL INFORMATION
fixed length control field 260416b ||||| |||| 00| 0 eng d
020 ## - INTERNATIONAL STANDARD BOOK NUMBER
International Standard Book Number 9679933598
Terms of availability RM 30.00
Qualifying information Paperback
035 ## - SYSTEM CONTROL NUMBER
System control number 0000003578
040 ## - CATALOGING SOURCE
Language of cataloging Malay
Transcribing agency Pusat Penyelidikan Mineral, Jabatan Mineral Dan Geosains Malaysia
Modifying agency PPM
Description conventions RDA
082 00 - DEWEY DECIMAL CLASSIFICATION NUMBER
Edition number 22
Classification number 352.6309
Item number ABD 1999
100 1# - MAIN ENTRY--PERSONAL NAME
Personal name Abdul Halim Ali, Tan Sri
Relator term author
245 10 - TITLE STATEMENT
Title Ke arah Kecemerlangan dan Kesejahteraan Perkhidmatan Awam Di Alaf Baru = Towards An Excellent and Caring Public Service For The Next Millennium : Selected Speeches of Tan Sri Abdul Halim Ali, Chief Secretary to the government, Malaysia /
Statement of responsibility, etc. oleh Abdul Rahim Ali
260 #1 - PUBLICATION, DISTRIBUTION, ETC.
Place of publication, distribution, etc. Kuala Lumpur :
Name of publisher, distributor, etc. Institut Tadbiran Awam Negara,
Date of publication, distribution, etc. 1999
300 00 - PHYSICAL DESCRIPTION
Extent xviii, 251 pages .:
Other physical details illustrations .;
Dimensions 21 cm
650 10 - SUBJECT ADDED ENTRY--TOPICAL TERM
Topical term or geographic name entry element Civil service
Geographic subdivision Malaysia
650 20 - SUBJECT ADDED ENTRY--TOPICAL TERM
Topical term or geographic name entry element Quality assurance
Geographic subdivision Malaysia
650 20 - SUBJECT ADDED ENTRY--TOPICAL TERM
Topical term or geographic name entry element Information technology
Geographic subdivision Malaysia
650 20 - SUBJECT ADDED ENTRY--TOPICAL TERM
Topical term or geographic name entry element Civil service reform
Geographic subdivision Malaysia
650 20 - SUBJECT ADDED ENTRY--TOPICAL TERM
Topical term or geographic name entry element ISO 9000 Series Standards
710 2# - ADDED ENTRY--CORPORATE NAME
Corporate name or jurisdiction name as entry element Institut Tadbiran Awam Negara
942 ## - ADDED ENTRY ELEMENTS (KOHA)
Source of classification or shelving scheme
Koha item type Books
Holdings
Withdrawn status Lost status Source of classification or shelving scheme Damaged status Not for loan Collection code Permanent Location Current Location Shelving location Date acquired Cost, normal purchase price Total Checkouts Full call number Date last seen Price effective from Koha item type
Available         Open Shelf PPM PPM Open Shelf 16/04/2026 30.00   352.6309 ABD 1999 16/04/2026 16/04/2026 Books